00658nam a2200181 a 450000100100000000500170001000800410002702000150006804000250008308200170010810000270012524500970015226000310024930000340028070000300031495201150034499900170045900004089220201002034445.0130910s1997 xxua 000 0 eng d a0806518529 aDO-SdBNPbspacBNPHU axxxxxbxxxxx1 aArgyle, Carolyn96732310aHow to Start and Run a Home Day-Care Business /cCarolyn Argyle ; ilustración Beth Lemcke. aCanada, :bCitadel,c1997. axiii, 178 p. :bil. ;c21 cm.1 aLemcke, Beth,eil.967324 001050718MOaGRbGRcHDd2013-09-10iLF1l0oxxxxx xxxxxp40892-10r2020-06-25w2020-06-25y1ZNo se presta c40382d40382